La Hermenéutica en J. Habermas y las Ciencias Sociales /
Partiendo del papel de "intérprete" y "vigilante" de la filosofía, se exploran los aportes de Habermas en su proyecto de elaboración de una Teoría de la Acción Comunicativa, específicamente acerca de algunas consideraciones en torno a qué entendemos por hermeneútica para el desar...
Guardat en:
| Autor principal: | |
|---|---|
| Format: | Text |
| Matèries: | |
| Etiquetes: |
Afegir etiqueta
Sense etiquetes, Sigues el primer a etiquetar aquest registre!
|
MARC
| LEADER | 00000 a a2200000 04500 | ||
|---|---|---|---|
| 001 | 14822 | ||
| 003 | |||
| 040 | |||
| 100 | |a Campos Ramírez, Domingo | ||
| 245 | |a La Hermenéutica en J. Habermas y las Ciencias Sociales / |c Domingo Campos Ramírez | ||
| 520 | |a Partiendo del papel de "intérprete" y "vigilante" de la filosofía, se exploran los aportes de Habermas en su proyecto de elaboración de una Teoría de la Acción Comunicativa, específicamente acerca de algunas consideraciones en torno a qué entendemos por hermeneútica para el desarrollo de una Teoría de la Sociedad. Tomando como punto de partida la categoría de totalidad se exhorta a que toda pregunta por la búsqueda de sentido debe también llevar -simultáneamente -a preguntarnos por el sentido de la búsqueda. Con la división esclarecedora de mundo objetivo, mundo social y mundo propio y subjetivo así como el desentrañamiento de las categorías de "mundo de la vida" y sistema, se sostiene que las Ciencias Sociales pueden avanzar seguras de que sus estrategias metodológicas no falsean la realidad. Además no deberían esforzarse por desvincularse de la filosofía |a la pérdida del temor al "coqueteo" con la filosofía se debe aunar a una estricta crítica de los modelos de reconstrucción empírica, usualmente utilizados para abrirse a la experiencia sensible. La colaboración entre modelos comprensivos y reconstructivos se realiza en el suelo firme de la situación ideológica, asentada sobre las referencias constantes a la historia concreta de las propuestas interpretativas, la situación de diálogo procura problematizar las coerciones internas y externas que determinan las teorías y las posiciones de los sujetos actuantes. El desmantelamiento de los discursos se realiza, por lo tanto, hermenéuticamente del proceso interpretativo y comprensivo. HB/MR | ||
| 650 | |a CIENCIAS SOCIALES | ||
| 650 | |a TEORIA | ||
| 650 | |a SOCIEDAD | ||
| 650 | |a METODOLOGIA | ||
| 650 | |a FILOSOFIA | ||
| 650 | |a IDEOLOGIAS | ||
| 650 | |a PUB.IIS | ||
| 773 | |g número 44; páginas 109-120 | ||
| 999 | |c 33168 |d 33168 | ||
| 773 | 0 | |0 18728 |9 3096 |a Universidad de Costa Rica |d San José, Costa Rica Editorial UCR 1956- |o 16864 |t Revista de Ciencias Sociales/ |x 04825276 | |
